Didáctica especial / (Registro nro. 31812)
[ vista simple ]
| 000 -CABECERA | |
|---|---|
| campo fijo de control de longitud | 01640nab a2200301 4500 |
| 001 - NÚMERO DE CONTROL | |
| campo de control | 31812 |
| 003 - IDENTIFICADOR DEL NÚMERO DE CONTROL | |
| campo de control | AR-RoBPED |
| 005 - FECHA Y HORADE LA ULTIMA TRANSACCION | |
| campo de control | 20251028183933.0 |
| 008 - ELEMENTOS DE LONGITUD FIJA--INFORMACION GENERAL | |
| campo fijo de control de longitud | 250806d18981968ag |||p| ||||s00| 0 spa d |
| 040 ## - FUENTE CATALOGADORA | |
| Centro catalogador/agencia de origen | AR-RoBPED |
| 041 ## - IDIOMA | |
| Código de idioma para texto/pista de sonido o título independiente | spa |
| 100 1# - ENCABEZAMIENTO PRINCIPAL--AUTOR PERSONAL | |
| Nombre de persona | Sola, José M. |
| 9 (RLIN) | 30068 |
| 245 10 - TITULO | |
| Título | Didáctica especial / |
| Mención de responsabilidad | por el profesor José M. Sola. |
| 362 ## - FECHAS DE PUBLICACION Y/O DESIGNACION SECUENCIAL | |
| Fecha de publicación y/o designación secuencial | Año XIII, No. 157 (jun. 1901) |
| Fecha de publicación y/o designación secuencial | Año XIII, No. 158 (julio de 1901) |
| Fecha de publicación y/o designación secuencial | Año XIII, No. 159 (agosto de 1901) |
| Fecha de publicación y/o designación secuencial | Año XIII, No. 160 (septiembre de 1901) |
| Fecha de publicación y/o designación secuencial | Año XIII, No. 162 (noviembre de 1901) |
| Fecha de publicación y/o designación secuencial | Año XIII, No. 163 (diciembre de 1901) |
| Fecha de publicación y/o designación secuencial | Año XIV, No. 164 (enero de 1902) |
| Fecha de publicación y/o designación secuencial | Año XV, No. 165 (enero de 1902) |
| 500 ## - NOTA GENERAL | |
| Nota general | Artículo publicado en varias partes, en sucesivos números de la revista. |
| Nota general | Artículo en Boletín de Educación. Santa Fe : Consejo General de Educación, 1886-198?:<br/>- Año 13, N° 157 (jun. 1901), páginas 349-351.<br/>- Año XIII, No. 158 (julio de 1901), páginas 438-440.<br/>- Año XIII, No. 159 (agosto de 1901), páginas 505-507.<br/>- Año XIII, 160 (septiembre de 1901), páginas 561-563.<br/>- Año XIII, No. 162 (noviembre de 1901), páginas 662-663.<br/>- Año XIII, No. 163 (diciembre de 1901), páginas 704-705.<br/>- Año XIV, No. 164 (enero de 1902), páginas 760-762.<br/>- Año XV, No. 165 (enero de 1902), página 20.<br/> |
| 650 #4 - TERMINO DE MATERIA--CONTROLADO | |
| Término controlado | EDUCACION ESPECIAL |
| 9 (RLIN) | 1105 |
| 773 0# - DOCUMENTO FUENTE | |
| Host Biblionumber | 22998 |
| Host Itemnumber | 30340 |
| Encabezamiento principal | Santa Fe. |
| Place, publisher, and date of publication | Santa Fe : Consejo General de Educación, [1886-198-?]. |
| Título | Boletín de Educación : |
| Record control number | (AR-RoBPED)22998 |
| 942 ## - ELEMENTOS KOHA | |
| Fuente de clasificación | Universal Decimal Classification |
| Número Koha | K. 31812 |
| Koha tipo de ítem | Revistas |
| 945 ## - PROCESAMIENTO DE LA INFORMACIÓN LOCAL | |
| Catalogador y fecha | nn 06/08/2025 |
No hay ítems disponibles.